| 000 | 00445nam a2200181Ia 4500 | ||
|---|---|---|---|
| 005 | 20240829104935.0 | ||
| 008 | 131103s9999 xx 000 0 und d | ||
| 040 | _aLoreto College | ||
| 041 | _aEnglish | ||
| 082 |
_a891.43 _bROH |
||
| 100 | _ac | ||
| 245 |
_aMaithalisharan Gupta ke kavya mein nari bhavna _cMadhubala Rohtagi |
||
| 260 |
_aKolkata _bRohtagi _c1986 |
||
| 300 | _a574p. | ||
| 650 | _aHindi | ||
| 850 | _aLCBED | ||
| 942 | _cBK | ||
| 999 |
_c35348 _d85827 |
||